| 000 -LEADER |
| fixed length control field |
00752pab a2200157 454500 |
| 008 - FIXED-LENGTH DATA ELEMENTS--GENERAL INFORMATION |
| fixed length control field |
180718b1998 xxu||||| |||| 00| 0 eng d |
| 100 ## - MAIN ENTRY--PERSONAL NAME |
| Personal name |
Robyn, Dorothy |
| 245 ## - TITLE STATEMENT |
| Title |
Teaching public management: the case for (and against) cases |
| 260 ## - PUBLICATION, DISTRIBUTION, ETC. |
| Date of publication, distribution, etc. |
1998 |
| 300 ## - PHYSICAL DESCRIPTION |
| Extent |
p.1141-146 |
| 362 ## - DATES OF PUBLICATION AND/OR SEQUENTIAL DESIGNATION |
| Dates of publication and/or sequential designation |
Jun-Aug |
| 520 ## - SUMMARY, ETC. |
| Summary, etc. |
This article calls for an increased and more rigorous use of the case method in public administration education. Cases yield generalizations, cases help students take ownership of knowledge, and cases can further repetition of behavioral characteristics important to students such as empathy and self-confidence. - Reproduced |
| 650 ## - SUBJECT ADDED ENTRY--TOPICAL TERM |
| Topical term or geographic name entry element |
Public administration |
| 773 ## - HOST ITEM ENTRY |
| Main entry heading |
International Journal of Public Administration |
| 909 ## - |
| -- |
38056 |